000 00792nam a2200241 4500
003 OSt
005 20240619013139.0
006 a
008 240619b |||||||| |||| 00| 0 eng d
020 _a0130923834
040 _aDWCL-Main lib.
_cOC
082 _2Third edition
_aCirc. 172.42 C556e 2004
100 _aChristopher, Paul
245 _aThe ethics of war and peace : an introduction to legal and moral issues /
250 _aThird edition
260 _aNew Jersey :
_bPearson Education, Inc. ,
_cc2004.
300 _aix,
_b278 p. ;
_c23 cm.
504 _aIncludes bibliographical references and index.
650 _a1. War-moral and ethical aspects.
650 _a2. Just war doctrine.
650 _a3. War ( International Law).
942 _2ddc
_n0
_cBK-CIRC
_eThird edition
_kCirc.
999 _c858
_d858